000 00686nam a2200205Ii 4500
003 JO-AjNU
008 230605s9999||||xx |||||||||||||| ||und||
040 _aJO-AjNU
_bara
_erda
_cJO-AjNU
041 _aara
050 1 4 _aSB601.A7842 1998
100 3 _aالعروسي ، حسين,
_eauthor
_97412
245 0 0 _aالميكروبات والنباتات العدد5
264 3 1 _aالاسكندرية:مكتبة المعارف ، 1998
300 _a128ص
336 _atext
_btxt
_2rdacontent
337 _aunmediated
_bn
_2rdamedia
338 _avolume
_bnc
_2rdacarrier
490 0 _aسلسلة العلوم والتكنولوجيا للجميع
650 4 _aالميكروبات
_97413
999 _aA266
_c3834
_d3834